Viae regnorum (Record no. 156115)

MARC details
000 -LEADER
campo de control de longitud fija 00948nam a22002535i 4500
001 - NÚMERO DE CONTROL
campo de control 156115
003 - IDENTIFICADOR DE NÚMERO DE CONTROL
campo de control ES-MaACL
005 - FECHA Y HORA DE LA ÚLTIMA TRANSACCIÓN
campo de control 20230906210326.0
008 - DATOS DE LONGITUD FIJA--INFORMACIÓN GENERAL
campo de control de longitud fija 051017s1870 ne | |||||||| ||lat d
040 ## - FUENTE DE CATALOGACIÓN
Centro catalogador/agencia de origen CAM
Lengua de catalogación spa
Centro/agencia transcriptor CAM
100 1# - ENTRADA PRINCIPAL--NOMBRE DE PERSONA
Nombre de persona Istahri, Ibrahim ibn Muhammad Abu Ishaq al.
9 (RLIN) 128214
245 10 - MENCIÓN DEL TÍTULO
Título Viae regnorum
Resto del título : descriptio ditionis moslemicae /
Mención de responsabilidad, etc. auctore Abu Ishák al-Fárisí al-Istakhrí; edidit M.J. de Goeje.
260 ## - PUBLICACIÓN, DISTRIBUCIÓN, ETC.
Lugar de publicación, distribución, etc. Lugduni Batavorum :
Nombre del editor, distribuidor, etc. apud E.J. Brill,
Fecha de publicación, distribución, etc. 1870.
300 ## - DESCRIPCIÓN FÍSICA
Extensión XI, 348 p. ;
Dimensiones 24 cm.
490 1# - MENCIÓN DE SERIE
Mención de serie Bibliotheca geographorum arabicorum ;
Designación de volumen o secuencia 1
500 ## - NOTA GENERAL
Nota general Port. adic. en árabe.
597 ## - NOTA DE DESCRIPCIÓN FÍSICA
NOTA DE DESCRIPCIÓN FÍSICA Texto en árabe.
651 #4 - PUNTO DE ACCESO ADICIONAL DE MATERIA--NOMBRE GEOGRÁFICO
Nombre geográfico Imperio islámico-
Subdivisión general Geografía-
Subdivisión de forma Fuentes.
9 (RLIN) 147601
700 1# - ENTRADA AGREGADA--NOMBRE PERSONAL
Nombre de persona Goeje, M. J. de (
Fechas asociadas al nombre 1836-1909)
9 (RLIN) 127350
740 0# - ENTRADA AGREGADA--TÍTULO RELACIONADO/ANALÍTICO NO CONTROLADO
Título relacionado o analítico no controlado Kitab Masalik al-mamalik.
830 0# - PUNTO DE ACCESO ADICIONAL DE SERIE-TÍTULO UNIFORME
Título uniforme Bibliotheca geographorum arabicorum ;
Designación de volumen o secuencia 1
9 (RLIN) 188011
852 ## - LOCALIZACIÓN
Ubicación ES-MaACL
Número de control de estantería G-1512
Nota libre -- Enc. hol.
Holdings
Estatus retirado Estado de pérdida Estado de daño No para préstamo Colección Biblioteca de origen Biblioteca actual Ubicación en estantería Fecha de adquisición Fuente de adquisición Total de préstamos Signatura topográfica completa Código de barras Visto por última vez Precio de reemplazo Tipo de ítem Koha
        Libros del s. XIX Biblioteca del Ateneo de Madrid Biblioteca del Ateneo de Madrid Depósito 2 17/01/2008     G-1512 1163324 23/02/2023 23/02/2023 Libro impreso antiguo